000 00547nam a2200181Ia 4500
999 _c3692
_d3692
003 OSt
005 20200813121618.0
008 190216s9999||||xx |||||||||||||| ||und||
020 _a9783540012986
040 _coclc
082 _a547.7
_bARI/S
100 _aAriga, Katsuhiko
_94103
245 0 _aSupramolecular Chemistry-Fundamentals And Applications /
_cKatsuhiko Ariga ; Toyoki Kunitake
260 _bSpringer,
_c2006.
_aGermany:
300 _a208p
650 _aChemistry
942 _cBK
_2ddc
_h547.7
_iARI/S
_k547.7
_mARI/S